Postupy konsolidácie materských a dcérskych podnikov podľa IFRS diplomová práca

Gespeichert in:
Bibliographische Detailangaben
1. Verfasser: Kardelis, Ondrej
Körperschaft: Fakulta hospodárskej informatiky EU. Katedra účtovníctva a audítorstva
Weitere Verfasser: Hvoždarová, Jana
Format: Buch
Sprache:Slowakisch
Veröffentlicht: Bratislava 2014
Tags: Tag hinzufügen
Keine Tags, Fügen Sie das erste Tag hinzu!

MARC

LEADER 00000nbm a2200000 4500
001 0188676
005 20170201105337.9
041 0 |a slo 
044 |a SK 
245 1 0 |a Postupy konsolidácie materských a dcérskych podnikov podľa IFRS  |b diplomová práca  |c Ondrej Kardelis ; školiteľ: Jana Hvoždarová 
264 1 |a Bratislava  |c 2014 
300 |a 72 s. 
100 1 |a Kardelis, Ondrej 
700 1 |a Hvoždarová, Jana 
710 2 |a Fakulta hospodárskej informatiky EU. Katedra účtovníctva a audítorstva